MDQL
is popping MORE tags! Check the
thread
!
Quizzes
Events
Quiz Creation
Community
Videos
Private Events
Remove Ads
Sign In
Join for FREE
Feedback
Dark Mode
Quiz Categories
Sports
Geography
Music
Movies
Television
Just For Fun
Miscellaneous
History
Literature
Language
Science
Gaming
Entertainment
Religion
Holiday
For Kids
Quiz Lab
Recent
Popular Today
Quiz Kudos Today
Editor Picks
Curator Picks
Quizzes by...
Day
Popularity
Type
Ratings
Length
Year
Community
Subscriptions
Recent Discussions
Orange Saloon
Badges
Playlists
Quests
Create
Leaderboards
Showdown
Live 5
Trivia Bingo
Activity
Puzzle Library
Sporcle Events
Private Events
Virtual Trivia
Globe League
Become a Host
Pub Owners
SporcleCon
Opinionation
Our Games
Videos
Blog
Mobile Apps
Partnerships
Remove Ads and Go Orange
Feedback
Sports
Athletes
MLB
NBA
NHL
NFL
Soccer
Sports Teams
WWE
NCAA
Football
Premier League
Basketball
Baseball
Hockey
Golf
Tennis
Cricket
Rugby
Auto Racing
Olympics
World Cup
Sports
Athletes
MLB
NBA
NHL
NFL
Soccer
Sports Teams
WWE
NCAA
Football
Premier League
Basketball
Baseball
Hockey
Golf
Tennis
Cricket
Rugby
Auto Racing
Olympics
World Cup
Random Quiz
Search Sporcle
×
Quiz Lab
Quiz Lab
Sports
dumb
Type in answers that appear in a list
Type in answers that appear in a list
Classic
Best Score? Go Orange.
Year in ESPN Being Dumb: 2012 Stats
Can you name the ESPN's Blunders 2012?
By
neddam12
10m
13 Questions
164 Plays
164 Plays
164 Plays
Comments
Comments
Give Quiz Kudos
Give Quiz Kudos
-
- Ratings
hide this ad
Random Order
Randomize order of answers
Randomize order of answers
Replay
Link that replays current quiz
Next Quiz
Link to next quiz in quiz playlist
You Got
0%
They Got
Avg Score
37%
Avg Friend Score
Upgrade to see
Score Distribution
Jump to the score distribution portion of the page
Score
0/13
Timer
10:00
0
Plays Today
Clue
Answer
% Correct
ESPN told its reporters/
anchors that the more the talked about this quarterback the better
Tim Tebow
89%
ESPN spent a whole day celebrating this quarterback's birthday
Tim Tebow
89%
ESPN eventually admitted that it spent too much time on this quarterback
Tim Tebow
89%
An ESPN editor made a racial slur about this sensation on the company's website
Jeremy Lin
51.2%
An ESPN anchor was caught on camera asking that he was credited with the first report of breaking news on this social networking site
Twitter
42.7%
This ESPN anchor was outraged by an Onion story about him
Stephen A. Smith
26.2%
This ESPN anchor was tricked by two obviously satirical posts
Rick Reilly
20.1%
An ESPN anchor wondered if RG3 was this type of 'brother'
Cornball
20.1%
2 ESPN reporters, both covering Linsanity, met in this 'town'
China Town
20.1%
Lynn Hoppes was caught plagiarizing from this site multiple times
Wikipedia
19.5%
This fictional person was hired by ESPN for betting advice
Sarah Phillips
8.5%
ESPN did this journalism no-
no two times in three weeks
Plagiarism
7.9%
This ESPN executive claimed that a Deadspin writer was in a feud with him over an ex-
girlfriend
John Walsh
6.1%
Quiz Playlist
Details
Report
Send in Message
Add To Playlist
Classic:
Type in answers that appear in a list
Random Order:
Randomize order of answers
Quiz Source
Last Updated: Feb 16, 2017
Quiz Scoreboard
CHALLENGE
Sign Up to Join the Scoreboard
Show All
Scores
Hide
Comments
May contain spoilers
Recently Published
Two Season TV Shows II
by 123Four
Television
10m
Image Sorting: Flags VI
by Barbecue
Geography
2m
Find the 'City' Movie
by crazypaving
Movies
60s
More to Explore
Quiz From the Vault
Featured Blog Post
14 Easter Pick-up Lines to Find Eggs With
hide this ad
You Might Also Like...
Tags
2012
Blunder
dumb
ESPN
Today's Top Quizzes in Sports
Browse Sports
hide this ad
Today's Top Quizzes in dumb
Browse dumb
Top Contributed Quizzes in Sports
1
Les meilleurs buteurs des matchs entre le PSG et l’OM
2
Les entraîneurs de l'OM et du PSG au 21e siècle
3
2022 World Cup Stars
4
Les joueurs passés par le PSG et l'OM
5
Players with Multiple 50 Home Run Seasons
6
Criteria MLB: Left Handed Sluggers
7
FIFA Club World Cup Champions
8
Les joueurs passés par le LOSC et le RC Lens
9
NBA Logic Puzzle 2.0
10
Top 10 NHL Goal Scorers of All Time
Explore More
Trending Topics
Anime
Harry Potter
Kpop
Disney
Crossword
NBA
Marvel
Puzzle
WWE
Soccer
NFL
Country
Pokémon
Song
The Office
hide this ad
More By:
neddam12
Quiz
Plays
Rating
Category
Featured
Created
The Office Rumors
376
3.00
Television
Oct 15, 2012
Year in ESPN Being Dumb: 2012
164
Sports
Jan 31, 2013
The Office Profile: Holly Flax
147
2.33
Television
Dec 8, 2012
Types of Poker
56
2.00
Gaming
Dec 15, 2012
Go to Creator's Profile
Score Distribution
Quiz Creator Spotlight
neddam12
Follow
Send a Message
Quizzes Created
-
Created Quiz Play Count
-
More By This Creator
Popular Quizzes Today
1
Colored Red Africa Blitz
2
Find the US States - No Outlines Minefield
3
Find the 'City' Movie
4
5x2 Blitz: Bands
5
The Countries of the World
6
Find the US States
7
Find the Countries of Europe - No Outlines Minefield
8
US States
More Sports Quizzes
2011 NBA All Star Game - East Team
Quiz Lab
Trending Quizzes
Colored Red Europe Blitz I
Colored Red Africa Blitz II
Colored Red Europe Blitz II
Colored Red Africa Blitz III
Colored Red Europe Blitz III
Recently Updated
How Do You Spell That?
pecheneg
Godzilla Movies
pecheneg
Grab Bag: 4-10 Letters
pecheneg
2024 March Madness Bracket
pecheneg
Famous TV Couples
Peacemaker
Champions League XIs: Real Madrid
pecheneg
Largest US Cities 1790-2010
pecheneg
Rides in Walt Disney World
pecheneg
Most Oscar Losses (Acting)
pecheneg
Beyoncé Albums
pecheneg
Trending Topics
Anime
Crossword
Marvel
Disney
NBA
Kpop
Harry Potter
Pokémon
Song
WWE
Country
NFL
The Office
Puzzle
Soccer
Your Account Isn't Verified!
In order to create a playlist on Sporcle, you need to verify the email address you used during registration. Go to your
Sporcle Settings
to finish the process.
Report this User
Report this user for behavior that violates our
Community Guidelines
.
Details:
Send Report
Go to the Sporcle.com Mobile Site →
Comments